[Event "Interzonal-16"]
[Site "Biel"]
[Date "1993.??.??"]
[Round "2"]
[White "Speelman, Jonathan S"]
[Black "Smyslov, Vassily V"]
[Result "1/2-1/2"]
[WhiteElo "2605"]
[BlackElo "2520"]
[Annotator "Wolff,P"]
[PlyCount "63"]
[EventDate "1993.07.16"]
[EventType "swiss"]
[EventRounds "13"]
[EventCountry "SUI"]
[SourceTitle "CBM 037"]
[Source "ChessBase"]
[SourceDate "1993.12.01"]
[SourceVersion "1"]
[SourceVersionDate "1993.12.01"]
[SourceQuality "1"]

1. e4 e5 2. Nf3 Nc6 3. Bb5 a6 4. Ba4 Nf6 5. O-O Be7 6. Re1 b5 7. Bb3 O-O 8. a4
b4 9. d3 d6 10. a5 Be6 11. Nbd2 Bxb3 $5 (11... Rb8 12. Bc4 $1 Qc8 13. Nf1 Re8
14. Ne3 $14 {Kasparov-Short, Times World Championship (1) 1993}) 12. Nxb3 d5 $1
13. Qe2 (13. exd5 Qxd5 $10) 13... Re8 14. Bg5 h6 15. Bh4 Nh5 $1 16. Bg3 Nxg3
17. hxg3 Bf8 18. Nfd2 Qd6 19. Nf1 dxe4 20. dxe4 Nd4 21. Nxd4 Qxd4 $10 22. b3 c6
23. Nd2 Qa7 24. Nc4 Bc5 25. g4 Rad8 26. Rad1 Qc7 27. g3 Rxd1 28. Rxd1 Rd8 29.
Kg2 (29. Rxd8+ Qxd8 30. Nxe5 Qd6 $1 {><g3}) 29... Rxd1 30. Qxd1 f6 31. Qd3 Kf8
32. Kf3 1/2-1/2

[Event "Pinsk"]
[Site "Pinsk"]
[Date "1993.??.??"]
[Round "?"]
[White "Balashov, Yuri S"]
[Black "Ginsburg, Gennadij"]
[Result "1-0"]
[WhiteElo "2520"]
[BlackElo "2435"]
[Annotator "Wolff,P"]
[PlyCount "73"]
[EventDate "1993.??.??"]
[EventType "tourn"]
[EventRounds "9"]
[EventCountry "BLR"]
[EventCategory "10"]
[SourceTitle "CBM 038"]
[Source "ChessBase"]
[SourceDate "1994.02.01"]
[SourceVersion "1"]
[SourceVersionDate "1994.02.01"]
[SourceQuality "1"]

1. e4 {Donev} e5 2. Nf3 Nc6 3. Bb5 a6 4. Ba4 Nf6 5. O-O Be7 6. Re1 b5 7. Bb3
O-O 8. a4 Bb7 (8... b4 9. d3 d6 10. a5 Bb7 (10... Be6 11. Nbd2 Rb8 (11... Bxb3
$5 12. Nxb3 d5 $1 $132 {Speelman-Smyslov, Biel izt 1993}) 12. Bc4 Qc8 13. Nf1
$14 {Kasparov-Short, W(ch) London 1993} (13. b3 $5 {/\ Bb2})) 11. Nbd2 Re8 12.
Nf1 Bf8 13. Bg5 h6 14. Bh4 Bc8 15. Ba4 Bd7 16. Ne3 Be7 17. Bxf6 Bxf6 18. Nd5
Rb8 19. Qd2 $16 {Dimitrov,V-Sokolov,I Elenite (03) 1993}) 9. d3 d6 10. c3 Na5
11. Ba2 c5 12. Na3 b4 $6 (12... Qd7 $142 13. axb5 axb5 14. Bd2 (14. Bg5 $5)) (
12... Qd7 $5 {Donev}) (12... c4 $5 {Donev}) 13. cxb4 (13. Nc4 {Donev} Nxc4 14.
Bxc4 a5 15. Bg5 Nd7 $1 $10) 13... cxb4 14. Nc4 $14 Nxc4 15. Bxc4 Rc8 16. Qb3 a5
17. Be3 Nd7 (17... Ng4 {Donev} 18. Be6 $3 Nxh2 $8 (18... fxe6 $2 19. Qxe6+ Kh8
20. Qxg4 Rc2 21. b3 $14) 19. Bxc8 Nxf3+ 20. gxf3 Bxc8 21. d4 Bg5 $44) 18. Bd5
Ba6 (18... Bxd5 19. Qxd5 (19. exd5 Nb8 $1 {><c6} 20. Rac1 Qd7 21. Nd2 Qb7 $1
$132 {><d5}) 19... Rc2 20. Qb3 Rc8 21. Rac1 $16) (18... Nc5 {Donev} 19. Bxc5
Bxd5 $8 20. exd5 Rxc5 21. d4 exd4 22. Nxd4 $14 {/\ Nc6}) 19. Rac1 Bf6 20. Rxc8
Qxc8 21. Rc1 Nc5 (21... Qb8 $5 {Donev}) 22. Qd1 $1 {/\d3-d4} Qc7 (22... Re8 {
Donev} 23. Nxe5 $1 Bxe5 24. d4 Bxd4 25. Bxd4 $16) 23. Nxe5 $1 Bxe5 24. d4 Bxd4
25. Qxd4 Qd7 (25... Re8 {Donev} 26. Bf4 Qb6 27. Bxd6 $1 $16) 26. b3 Bb7 27. f3
Rc8 28. Bc4 h6 29. Rd1 Ba6 30. Bxa6 Nxa6 31. Qb6 (31. Qxd6 $2 Qxd6 32. Rxd6 Nc5
33. Bxc5 Rxc5 34. Rd5 (34. Rd3 Rc3 $1) 34... Rc3 35. Rxa5 Rxb3 $14 {Black can
force the exchange of the b-pawn for the a-pawn, and so the game will become
R+4P versus R+3P, which should be drawn.}) 31... Qc6 (31... Rc6 {Donev} 32.
Qxa5 Qe6 33. Rd5 $16) 32. Rc1 $1 Nc5 (32... Qa8 $142 {Donev} 33. Qxa5 Rxc1+ 34.
Bxc1 Qc8 $132) 33. Qxa5 Qb7 34. Qb5 (34. Bxc5 {Donev} dxc5 35. Rxc5 Rxc5 36.
Qxc5 $18) 34... Qxb5 35. axb5 Ra8 (35... Kf8 {Donev} 36. b6 Rb8 37. Rc4 Rxb6
38. Rxc5 $1 dxc5 39. Bxc5+ $18) 36. Bxc5 (36. b6 {Donev} Ra5 37. e5 $1 $18)
36... dxc5 37. Rxc5 (37. Rxc5 Ra3 (37... Rb8 38. Kf2 $18 {/\Ke3-d4-c4}) (37...
Ra5 38. Rc8+ Kh7 39. b6 Rb5 40. Rb8 $18 {/\b6-b7, Kf2-e3-d4}) 38. b6 $18) 1-0

[Event "Chalkidiki Afitos"]
[Site "Chalkidiki"]
[Date "1993.??.??"]
[Round "1"]
[White "Adams, Michael"]
[Black "Kotronias, Vasilios"]
[Result "1-0"]
[WhiteElo "2630"]
[BlackElo "2590"]
[Annotator "Wolff,P"]
[PlyCount "65"]
[EventDate "1993.09.??"]
[EventType "tourn"]
[EventRounds "6"]
[EventCountry "GRE"]
[EventCategory "16"]
[SourceTitle "CBM 038"]
[Source "ChessBase"]
[SourceDate "1994.02.01"]
[SourceVersion "1"]
[SourceVersionDate "1994.02.01"]
[SourceQuality "1"]

1. e4 e5 2. Nf3 Nc6 3. Bb5 a6 4. Ba4 Nf6 5. O-O Be7 6. Re1 b5 7. Bb3 d6 8. a4
$5 Bg4 9. c3 O-O {Usually this variation is reached by the move order 8.c3 O-O
9.a4 Bg4, but then Black has other ninth move options.} 10. d3 Na5 11. Ba2 (11.
Bc2 b4 12. Nbd2 (12. cxb4 $2 Nc6 $17) 12... Rb8 (12... bxc3 $142 13. bxc3 c5
$10 14. h3 $140 Bd7) 13. h3 Bxf3 $5 (13... Bd7 14. d4 bxc3 15. bxc3 $14) 14.
Nxf3 c5 15. d4 b3 (15... bxc3 $142 16. bxc3 cxd4 17. cxd4 Qc7 $132 {׫}) 16.
Bd3 exd4 17. cxd4 c4 18. Bb1 d5 19. Bd2 $1 Nc6 (19... dxe4 20. Bxe4 Nxe4 21.
Rxe4 Nc6 22. Qe2 $16) 20. Bc3 Rb7 (20... dxe4 21. Bxe4 Nxe4 22. Rxe4 Qd5 23.
Qe2 $14 {/\ Ne5}) 21. Ne5 $1 Nb4 (21... Nxe5 22. dxe5 Nxe4 23. Bxe4 dxe4 24.
Rxe4 Qxd1+ 25. Rxd1 Rc8 26. Rdd4 Rbc7 27. g4 $16) 22. exd5 Qxd5 23. Ng4 $1 $16
{Adams,M-Kolev,At Elenite (08) 1993}) 11... b4 $6 (11... c5 12. Bg5 Qc7 13. Na3
Rab8 14. axb5 axb5 15. Nc2 (15. b4 $5) 15... b4 16. cxb4 cxb4 17. Bxf6 Bxf6 18.
Bd5 Bxf3 19. gxf3 Nc6 $10 {Kupreichik-Abramovic, Hastings 1984}) 12. Nbd2 Rb8
13. h3 Be6 14. Bxe6 fxe6 15. d4 $14 bxc3 16. bxc3 Nd7 17. Qe2 $1 {><a6} Qc8 18.
dxe5 dxe5 19. Nc4 Nb3 (19... Nxc4 20. Qxc4 Rf6 (20... Nb6 21. Qa2 $16) 21. Bg5
(21. Be3 $5) 21... Nb6 22. Qc6 (22. Qa2 Rxf3 $1 23. Bxe7 Rxc3) 22... Rxf3 $1
23. Bxe7 Rf7 24. Bb4 Qd7 $14) (19... Nc6 20. Be3 $16) 20. Ra2 Nxc1 21. Rxc1 Bc5
22. Rd2 Qe8 23. a5 $16 Rf4 24. Qd3 $1 Nf6 25. Re1 Qa4 26. Nfxe5 Rf8 27. Ree2
Bd6 28. Nxd6 cxd6 29. Qxd6 Rxe4 30. Qxe6+ Kh8 31. Rxe4 Qxe4 32. Rd8 $1 Rxd8 33.
Nf7+ (33. Nf7+ Kg8 34. Nh6+ Kh8 35. Qg8+ $1 Nxg8 36. Nf7#) 1-0

[Event "London Classic 9th"]
[Site "London"]
[Date "2017.12.08"]
[Round "6"]
[White "So, Wesley"]
[Black "Aronian, Levon"]
[Result "1/2-1/2"]
[WhiteElo "2788"]
[BlackElo "2805"]
[Annotator "Yermolinsky,A"]
[PlyCount "76"]
[EventDate "2017.12.01"]
[EventType "tourn"]
[EventRounds "9"]
[EventCountry "ENG"]
[EventCategory "22"]
[SourceTitle "CBM 182"]
[Source "ChessBase"]
[SourceDate "2018.01.17"]
[SourceVersion "1"]
[SourceVersionDate "2018.01.17"]
[SourceQuality "1"]

1. e4 e5 2. Nf3 Nc6 3. Bb5 a6 4. Ba4 Nf6 5. O-O Be7 6. Re1 b5 7. Bb3 O-O 8. a4
b4 9. d4 d6 10. dxe5 dxe5 {Levon has been relying on this capture} ({instead of
} 10... Nxe5 {ever since he lost to Nakamura in the Sinquefield Cup 2013.
There's a different opinion, though. Ding Liren recently won a nice game
against Inarkiev in FIDE Grand Prix in Palma, and there have been efforts from
Carlsen and Svidler to uphold this line.}) 11. Nbd2 Bc5 12. a5 Be6 $5 {The
newest idea.} ({Levon twice tried} 12... Ng4) ({While others, including
Caruana, Tomashevsky and Svidler, have preferred the restrained} 12... h6) 13.
Bxe6 {Surprisingly this has never been played before, at least not in high
profile games.} ({Dominguez-Aronian, St. Louis Blitz 2017 saw} 13. Qe2 Qe7 14.
Bc4 Nd4 15. Nxd4 Bxd4 16. Nb3 ({White doesn't get anywhere after} 16. Bxa6 Qc5)
16... Rfd8 17. Nxd4 Bxc4 18. Nf5 Qe6 19. Qf3 Ne8) 13... fxe6 14. Qe2 {It seems
like White is about to take all the commanding squares, but Black has active
counterplay.} Ng4 $5 15. Rf1 Bxf2+ ({Another option was} 15... Nd4 {but Levon
must have seen the good reply} 16. Qc4 $1 (16. Nxd4 Rxf2 $1 17. Rxf2 Qxd4 {
is Black's main idea.}) 16... Qd6 17. h3 {Now Black has to go all the way.}
Nxf3+ (17... Nf6 18. c3 bxc3 19. bxc3 Nxf3+ 20. Nxf3 $16) 18. Nxf3 Nxf2 19.
Rxf2 Qd1+ 20. Qf1 Qxc2 {he seems to be getting enough pawns, but} 21. Qe1 Bxf2+
22. Qxf2 Qxe4 23. Be3 $14 {allows White to keep enough material on the board,
which is critical for success in battles between two minor pieces and a rook.})
16. Rxf2 Nd4 17. Qc4 $2 {Wesley chooses the wrong square for his queen.} ({
Black would be under some pressure to prove his compensation after the correct
} 17. Qd3 Nxf2 18. Kxf2) 17... Nxf2 18. Kxf2 Qh4+ ({In turn, Levon misses the
best move} 18... Qg5 $1 {The only way for White to untangle would be} 19. Kg1 {
but then Black gets his material back:} Rxf3 20. Nxf3 Nxf3+ 21. Kh1 Qh5 {
The knight is taboo, as} 22. Qxe6+ Kh8 23. gxf3 {loses to} Qxf3+ 24. Kg1 Qd1+
25. Kg2 Qe2+ 26. Kg1 Qe1+ 27. Kg2 Rf8) 19. Kg1 Qg4 ({Possibly} 19... Qf4 {
was better.}) 20. h3 $6 {Again, Wesley So is not precise with his calculations.
} (20. Qd3 Rad8 21. h3 {would bring Black's attack to its end.} Nxf3+ ({Else,} 
21... Qg3 22. Nxd4 Qe1+ 23. Kh2 Rxd4 24. Qg3 Qxg3+ 25. Kxg3 Rfd8 26. Nf1 Rxe4
27. Be3 Rc4 28. Rc1 Rd5 29. Nd2 Rc6 30. b3 Rxa5 31. Nc4 {holds the black
rooks' activity in check.}) 22. Nxf3 Rxd3 23. hxg4 Rd1+ 24. Kf2 {There's a
question whether White can win this, but he'll have his chances.}) 20... Qg3
21. Qd3 Rxf3 $1 {Aronian was not going to miss that. The following is forced.}
22. Nxf3 Rf8 23. Nxd4 Qe1+ 24. Kh2 Rf1 25. Qxf1 Qxf1 26. Nf3 c5 {On paper
White has enough for a queen, and his king is safe, but the pin on the back
rank holds him down.} 27. b3 $6 {Wesley decides to address this issue, even at
the cost of some pawns.} ({Objectively, White is safe after} 27. c3 b3 28. c4
Qd1 29. Nxe5 h6 $11 {but it's impossible to play this position for a win.})
27... Qd1 28. Bb2 Qxc2 29. Bxe5 Qxb3 30. Rf1 h6 $2 {Aronian shows too much
respect to White's non-existent threats.} (30... Qc2 $1 {would have kept White
from activating his rook.} 31. Kg3 (31. Ng5 h6 $19) 31... c4 32. Rf2 Qxe4 33.
Rd2 Qg6+ 34. Kf2 Qe8 {leaving Black with decent chances of victory.}) 31. Rf2
$1 {Just at the last moment Wesley's rook breaks out into the open.} c4 32. Rd2
c3 33. Rd8+ Kf7 34. Rc8 Qb1 35. Rc7+ Ke8 36. Rc8+ Kf7 37. Rc7+ Ke8 38. Rc8+ Kf7
({There is no escape for the king, as can be seen from} 38... Kd7 39. Rc7+ Kd8
40. Nd4 Qxe4 41. Nxe6+ Ke8 42. Nxg7+) 1/2-1/2

[Event "Palma de Mallorca FIDE GP"]
[Site "Palma de Mallorca"]
[Date "2017.11.19"]
[Round "4"]
[White "Inarkiev, Ernesto"]
[Black "Ding, Liren"]
[Result "0-1"]
[WhiteElo "2683"]
[BlackElo "2774"]
[Annotator "Yermolinsky,A"]
[PlyCount "88"]
[EventDate "2017.11.16"]
[EventType "swiss"]
[EventRounds "9"]
[EventCountry "ESP"]
[SourceTitle "CBM 182"]
[Source "ChessBase"]
[SourceDate "2018.01.17"]
[SourceVersion "1"]
[SourceVersionDate "2018.01.17"]
[SourceQuality "1"]

1. e4 e5 2. Nf3 Nc6 3. Bb5 a6 4. Ba4 Nf6 5. O-O Be7 6. Re1 b5 7. Bb3 O-O 8. a4
b4 9. d4 d6 10. dxe5 Nxe5 {A playable alternative} ({to Aronian's favorite} 
10... dxe5) 11. Nxe5 dxe5 12. Qf3 (12. Qe2 a5 13. Rd1 Ba6 14. Qf3 Qc8 {
Giri-Ding Liren, 2017}) 12... Bc5 13. h3 (13. Nd2 Ng4 14. Rf1 Qh4 15. h3 Nf6 {
Mamedov-Kravtsiv, 2017 saw Black's pressure against e4 sufficient to offset
his Q-side weaknesses.}) 13... Bb7 14. Nd2 Kh8 $1 {A nice one from Ding. The
obvious idea is to unpin the f-pawn for a shot on e4, but there's more to
Black's plans than meets the eye.} 15. Qg3 $6 ({One line to calculate was} 15.
c3 Nxe4 16. Nxe4 f5 17. Nxc5 Bxf3 18. Ne6 Qh4 19. Nxf8 Rxf8 20. gxf3 Qxh3 {
Most likely, Black is not going to get more than a draw by perpetual out of it,
but I can understand why Ernesto found it unnerving.}) ({One radical way to
deal with all that was} 15. g4 $5 {Seemingly, Inarkiev didn't learn this
lesson from his previous round game with Aronian.}) 15... Qe7 16. Qh4 $6 g5 $3
{This must have come as a shock to the system.} 17. Qxg5 Rg8 18. Qf5 Rg7 $1 {
Precision is required.} (18... Rg6 19. Nf3 Rag8 20. g4 Nxg4 21. hxg4 Bc8 $4 {
and now} 22. Qxe5+ {is check.}) 19. Nf3 ({The only way for White to survive was
} 19. Nf1 Rag8 20. g3 {though it even then it is not a given that he'd have
succeeded.}) 19... Rag8 20. Bg5 Nxe4 $1 {This is already over.} 21. h4 (21.
Rxe4 Rxg5 22. Nxg5 Rxg5 23. Qf3 f5) (21. Bxe7 Rxg2+ 22. Kf1 Rxf2#) 21... Nxg5
22. hxg5 Rxg5 23. Nxg5 Rxg5 24. Qh3 Qf6 {Ding forces a win of material.} 25.
Re3 Rxg2+ 26. Qxg2 Bxg2 27. Kxg2 Bxe3 28. fxe3 c5 29. Bc4 Qg6+ 30. Kf3 Qf5+ 31.
Kg3 Qe4 32. b3 Qxe3+ 33. Kg2 Qd2+ 34. Kh1 f5 35. Rg1 Qh6+ 36. Kg2 Kg7 37. Rd1
Qg5+ 38. Kf2 Qf4+ 39. Ke2 Qh2+ 40. Ke3 f4+ 41. Ke4 Qxc2+ 42. Rd3 Kf6 43. Bxa6
Qg2+ 44. Rf3 Ke6 0-1